000 00445nam a2200133Ia 4500
008 100328s9999 xx 000 0 und d
082 _b74947
100 _aनिपुणगे शीला.
245 _aचार भिंती एक छप्पर.
260 _bशब्दरत्न.
630 _aचार भिंती एक छप्पर.
730 _aचार भिंती एक छप्पर.
942 _cBOOK
999 _c560668
_d560665